Presencia i record / (Record no. 91344)

MARC details
000 -LEADER
campo de control de longitud fija 00714nam a2200205 i 4500
001 - NÚMERO DE CONTROL
campo de control 91344
003 - IDENTIFICADOR DE NÚMERO DE CONTROL
campo de control ES-MaACL
005 - FECHA Y HORA DE LA ÚLTIMA TRANSACCIÓN
campo de control 20251009173351.0
007 - CAMPO FIJO DE DESCRIPCIÓN FÍSICA--INFORMACIÓN GENERAL
campo de control de longitud fija t|
008 - DATOS DE LONGITUD FIJA--INFORMACIÓN GENERAL
campo de control de longitud fija 050128s1952 sp ||||1| cat d
100 1# - ENTRADA PRINCIPAL--NOMBRE DE PERSONA
Nombre de persona Leveroni, Rox.
9 (RLIN) 71939
245 10 - MENCIÓN DEL TÍTULO
Título Presencia i record /
Mención de responsabilidad, etc. Rox Leveroni ; amb proleg de Salvador Espriú ; precedit de la reedició de Epigrames i cançons amb una carta próleg de Carles Riba.
250 ## - MENCION DE EDICION
Mención de edición [1ª ed.].
260 ## - PUBLICACIÓN, DISTRIBUCIÓN, ETC.
Lugar de publicación, distribución, etc. [Barcelona] :
Nombre del editor, distribuidor, etc. Ossa Menor,
Fecha de publicación, distribución, etc. 1952 (
Fabricante Minerva)
300 ## - DESCRIPCIÓN FÍSICA
Extensión 162 p. ;
Dimensiones 18 cm.
700 1# - ENTRADA AGREGADA--NOMBRE PERSONAL
Nombre de persona Espriu, Salvador,
Fechas asociadas al nombre 1913-1985
9 (RLIN) 47947
700 1# - ENTRADA AGREGADA--NOMBRE PERSONAL
Nombre de persona Riba, Carles,
Fechas asociadas al nombre 1893-1959
9 (RLIN) 96698
852 ## - LOCALIZACIÓN
Ubicación ES-MaACL
Número de control de estantería D-8337
Sublocalización o colección R.32807
Holdings
Estatus retirado Estado de pérdida Estado de daño No para préstamo Biblioteca de origen Biblioteca actual Ubicación en estantería Fecha de adquisición Fuente de adquisición Total de préstamos Signatura topográfica completa Código de barras Visto por última vez Precio de reemplazo Tipo de ítem Koha
        Biblioteca del Ateneo de Madrid Biblioteca del Ateneo de Madrid Sala Valle Inclán 17/01/2008     D-8337 901095366 23/02/2023 23/02/2023 Libro impreso